000 01658nam a22004097a 4500
003 CHAP
005 20220329143410.0
008 090406s2008 mx r 00010 spa d
010 _a96005
011 _a96977
035 _a107634
040 _cCHAP
090 _aTesis
100 1 _aMéndez Cruz, Manuel.
_976487
245 1 0 _aCaracterización fisicoquímica y contenido de carotenoides de maíces (Zea mays L.) amarillos comerciales y precomerciales para la industria avícola del Estado de Puebla
_c/por Manuel Méndez Cruz
260 _aChapingo, Méx. :
_bEl autor,
_c2008
300 _axii, 56 h. :
_bcuadros, gráfs.
502 _aTesis (InTambién disponible en línea g. Agroindustrial) -- UACH. Departamento de Ingeniería Agroindustrial
530 _aTambién disponible en línea
590 _aALEPH
_b10
_c20130110
_lUCH01
_h1528
590 _aBATCH-UPD
_b10
_c20130110
_lUCH01
_h1657
590 _aBATCH-UPD
_b10
_c20130410
_lUCH01
_h1046
590 _aBATCH-UPD
_b10
_c20130913
_lUCH01
_h1853
590 _aBATCH-UPD
_b10
_c20140324
_lUCH01
_h1511
590 _aBATCH-UPD
_b10
_c20141002
_lUCH01
_h0839
590 _aCONVERSION
_b10
_c20130109
_lUCH01
_h1353
650 1 4 _aAceite de maíz.
_9436
650 1 4 _aIndustrias pecuarias.
_958022
650 1 4 _aMaíz
_xComercialización.
_970907
650 1 4 _aMaíz
_xProducción.
_971041
650 1 4 _aMaíz
_xSemilla.
_971059
856 _3Finding aid
_uhttp://10.13.5.2/tesis/107634.pdf
_zTeclea aqui
901 _aBK
942 _cFOLL
949 _atesis
_bBC
_cTES
_d33724002088579
_eTS1
_gDonaciØn
_h49079
_i107634
_sb
949 _atesis
_bBC
_cTES
_d33724002088611
_eTS2
_fc.2
_gDonaciØn
_h49080
_i107634
_sb
999 _c96005
_d96005